Introducing . . . the Assemblies of God. (Record no. 16292)

000 -LEADER
fixed length control field 00449nam a2200157 a 4500
001 - CONTROL NUMBER
control field :::00019140$&:&@@
003 - CONTROL NUMBER IDENTIFIER
control field OkBaRHE
005 - DATE AND TIME OF LATEST TRANSACTION
control field 20010208095026.0
008 - FIXED-LENGTH DATA ELEMENTS--GENERAL INFORMATION
fixed length control field j 000 0 eng u
040 ## - CATALOGING SOURCE
Transcribing agency
245 10 - TITLE STATEMENT
Title Introducing . . . the Assemblies of God.
260 ## - PUBLICATION, DISTRIBUTION, ETC. (IMPRINT)
Name of publisher, distributor, etc Gospel Publishing House
300 ## - PHYSICAL DESCRIPTION
Extent 32 p.
942 ## - ADDED ENTRY ELEMENTS (KOHA)
Source of classification or shelving scheme
Koha item type Books
Copies
Barcode Lost status Not for loan Date acquired Full call number Permanent Location Damaged status Withdrawn status Date last seen Copy number Price effective from Source of classification or shelving scheme Koha item type Shelving location
19140  2010-04-14BX 8769 .A4RHEMA Bible Training College  2010-04-1412010-04-14 BooksGeneral Stacks